| 000 | 00377nam a22001217a 4500 | ||
|---|---|---|---|
| 082 | _a380 SBP | ||
| 100 | _aState Bank of Pakistan | ||
| 245 |
_aExport of Goods and services September 2010 _cState Bank of Pakistan |
||
| 260 |
_aPakistan _bStatistics and warehouse Department _c2010 |
||
| 300 | _a266p | ||
| 942 |
_2ddc _cBK |
||
| 999 |
_c541205 _d541205 |
||